Modern coding theory (Record no. 12434)

000 -LEADER
fixed length control field 00426nam a22001577a 4500
020 ## - INTERNATIONAL STANDARD BOOK NUMBER
International Standard Book Number 9780521165761
082 ## - DEWEY DECIMAL CLASSIFICATION NUMBER
Classification number 003.54 RIC
100 ## - MAIN ENTRY--PERSONAL NAME
Personal name Richardson, Tom
245 ## - TITLE STATEMENT
Title Modern coding theory
260 ## - PUBLICATION, DISTRIBUTION, ETC.
Place of publication, distribution, etc. New Delhi, India
Name of publisher, distributor, etc. Cambridge University Press
Date of publication, distribution, etc. 2008
300 ## - PHYSICAL DESCRIPTION
Extent xvi, 572 p.
Other physical details ill. ;
500 ## - GENERAL NOTE
General note Includes bibliographical references and index.
650 ## - SUBJECT ADDED ENTRY--TOPICAL TERM
Topical term or geographic name entry element Coding theory
700 ## - ADDED ENTRY--PERSONAL NAME
Personal name Rudiger Urbanke
942 ## - ADDED ENTRY ELEMENTS (KOHA)
Koha item type Book
Holdings
Withdrawn status Lost status Damaged status Not for loan Collection code Permanent Location Current Location Shelving location Date acquired Source of acquisition Cost, normal purchase price Total Checkouts Full call number Barcode Date last seen Price effective from Koha item type
          Central Library (CL) Central Library (CL) First Floor - Computer Science 12/27/2013 Saeed Book Bank 1308.00   003.54 RIC SEECS012820 12/31/2013 12/31/2013 Book
© 2023 Central Library, National University of Sciences and Technology. All Rights Reserved.